000 00373nam a22001337a 4500
003 OSt
008 250212b |||||||| |||| 00| 0 eng d
020 _a9789348140234
100 _aNAVITA
245 _aDriving Growth Inslusion and Sustainability in The Modern Economy
260 _aNew Delhi,
_bNaples India:
_c2024.
650 _aFaculty Publication
942 _2ddc
_cBK
999 _c13101
_d13101